000 00630nam a2200217 a 4500
001 41792
003 (BD-rjul)
005 20211209053442.0
008 160606r19551956enk b 001 0 eng d
035 _aOCLC ocm02458152 from D950905M
040 _aSOI
_cSOI
_dEQO
_beng
041 _aeng
082 _223
_a323.40954
_bGLF 1956
100 1 _aGledhill, Alan.
_9128388
245 1 0 _aFundamental rights in India /
_cby Alan Gledhill.
260 _aLondon :
_bStevens & Sons,
_c1955
300 _axvi, 134 p. ;
_c21 cm.
650 0 _aCivil rights
_zIndia.
_9128389
650 0 _aConstitutional law
_zIndia.
_9124335
942 _2ddc
_cBK
999 _c41792
_d41792